Statistiken für Bezirke in Österreich

Klicken Sie hier um das Quiz zu spielen!

Allgemein

  • Dieses Quiz wurde 1.384 mal gespielt
  • Das Durchschnittsergebnis liegt bei 61 aus 94

Antwortstatistiken

HintAntwort% Korrekt
WienWien
95%
SalzburgSalzburg
92%
OberösterreichLinz
91%
NiederösterreichAmstetten
90%
SteiermarkGraz
88%
TirolInnsbruck
88%
VorarlbergBregenz
87%
BurgenlandEisenstadt
85%
OberösterreichLinz-Land
85%
NiederösterreichSt. Pölten
85%
VorarlbergDornbirn
83%
NiederösterreichGmünd
82%
KärntenVillach
81%
VorarlbergFeldkirch
80%
SteiermarkGraz-Umgebung
80%
TirolInnsbruck-Land
80%
OberösterreichWels
78%
TirolKufstein
77%
NiederösterreichSt. Pölten-Land
76%
NiederösterreichWiener Neustadt
76%
BurgenlandEisenstadt-Umgebung
75%
SalzburgHallein
75%
KärntenKlagenfurt-Land
75%
NiederösterreichTulln
75%
SalzburgZell am See
74%
NiederösterreichBaden
73%
OberösterreichGmunden
72%
TirolImst
72%
VorarlbergBludenz
71%
TirolKitzbühel
71%
TirolLienz
71%
NiederösterreichMödling
70%
KärntenVillach-Land
70%
OberösterreichWels-Land
70%
NiederösterreichMelk
69%
NiederösterreichKorneuburg
68%
SteiermarkLeoben
68%
NiederösterreichHollabrunn
67%
OberösterreichVöcklabruck
66%
NiederösterreichZwettl
66%
SteiermarkLiezen
64%
OberösterreichEferding
63%
OberösterreichRied im Innkreis
63%
SalzburgSalzburg-Umgebung
63%
SalzburgSankt Johann im Pongau
63%
BurgenlandOberwart
62%
OberösterreichSteyr
62%
OberösterreichUrfahr-Umgebung
62%
OberösterreichBraunau am Inn
61%
OberösterreichFreistadt
61%
NiederösterreichGänserndorf
61%
NiederösterreichWaidhofen an der Ybbs
61%
NiederösterreichMistelbach
60%
OberösterreichPerg
60%
SalzburgTamsweg
60%
SteiermarkWeiz
60%
NiederösterreichHorn
59%
BurgenlandMattersburg
59%
NiederösterreichKrems an der Donau
57%
TirolLandeck
57%
SteiermarkLeibnitz
57%
NiederösterreichNeunkirchen
57%
TirolSchwaz
57%
KärntenWolfsberg
57%
SteiermarkDeutschlandsberg
56%
SteiermarkMurtal
56%
KärntenKlagenfurt am Wörthersee
55%
NiederösterreichKrems-Land
55%
NiederösterreichWaidhofen an der Thaya
55%
NiederösterreichLilienfeld
54%
SteiermarkMurau
54%
BurgenlandOberpullendorf
54%
KärntenSpittal an der Drau
54%
KärntenFeldkirchen
53%
BurgenlandGüssing
53%
BurgenlandJennersdorf
53%
BurgenlandNeusiedl am See
53%
OberösterreichSchärding
53%
SteiermarkVoitsberg
53%
KärntenHermagor
52%
TirolReutte
52%
OberösterreichRohrbach
51%
OberösterreichSteyr-Land
51%
OberösterreichGrieskirchen
50%
NiederösterreichScheibbs
49%
KärntenVölkermarkt
49%
SteiermarkHartberg-Fürstenfeld
48%
NiederösterreichBruck an der Leitha
47%
SteiermarkSüdoststeiermark
46%
NiederösterreichWiener Neustadt-Land
46%
SteiermarkBruck-Mürzzuschlag
45%
KärntenSankt Veit an der Glan
44%
OberösterreichKirchdorf an der Krems
40%
BurgenlandRust
36%

Verteilung der Resultate

Perzentil nach korrekt beantworteten Fragen

Anzahl Personen mit jedem Resultat

Ihre Resultats-Entwicklung

Sie haben dieses Quiz noch nicht gespielt